<?xml version="1.0" encoding="UTF-8"?>
<record
    xmlns:xsi="http://www.w3.org/2001/XMLSchema-instance"
    xsi:schemaLocation="http://www.loc.gov/MARC21/slim http://www.loc.gov/standards/marcxml/schema/MARC21slim.xsd"
    xmlns="http://www.loc.gov/MARC21/slim">

  <leader>01614cam a22002655a 4500</leader>
  <datafield tag="999" ind1=" " ind2=" ">
    <subfield code="c">27278</subfield>
    <subfield code="d">27249</subfield>
  </datafield>
  <controlfield tag="005">20190327110936.0</controlfield>
  <controlfield tag="008">180606t2018    nyua   frb    001 0 eng d</controlfield>
  <datafield tag="020" ind1=" " ind2=" ">
    <subfield code="z">9781138282025</subfield>
  </datafield>
  <datafield tag="040" ind1=" " ind2=" ">
    <subfield code="a">StDuBDS</subfield>
    <subfield code="b">eng</subfield>
    <subfield code="c">StDuBDS</subfield>
    <subfield code="d">Uk</subfield>
    <subfield code="d">EG-ScBUE</subfield>
  </datafield>
  <datafield tag="082" ind1="0" ind2="4">
    <subfield code="a">158.3</subfield>
    <subfield code="b">SPI</subfield>
    <subfield code="2">22</subfield>
  </datafield>
  <datafield tag="245" ind1="0" ind2="0">
    <subfield code="a">Spirituality and religion in counseling :</subfield>
    <subfield code="b">competency-based strategies for ethical practice /</subfield>
    <subfield code="c">edited by Carman S. Gill and Robert R. Freund.</subfield>
  </datafield>
  <datafield tag="250" ind1=" " ind2=" ">
    <subfield code="a">1st ed.</subfield>
  </datafield>
  <datafield tag="260" ind1=" " ind2=" ">
    <subfield code="a">New York ;</subfield>
    <subfield code="a">Oxon :</subfield>
    <subfield code="b">Routledge / Taylor &amp; Francis,</subfield>
    <subfield code="c">c.2018. </subfield>
  </datafield>
  <datafield tag="300" ind1=" " ind2=" ">
    <subfield code="a">xxi, 227 p. :</subfield>
    <subfield code="b">ill. ;</subfield>
    <subfield code="c">24 cm.</subfield>
  </datafield>
  <datafield tag="504" ind1=" " ind2=" ">
    <subfield code="a">Includes bibliographical references and index.</subfield>
  </datafield>
  <datafield tag="520" ind1=" " ind2=" ">
    <subfield code="a">Spirituality and Religion in Counseling: Competency-Based Strategies for Ethical Practice provides mental health professionals and counselors in training with practical information for understanding and responding to clients&#x2019; needs using a spiritual and religious framework. This work conceptualizes spiritual and faith development in a holistic way, using case examples and practical interventions to consider common issues through a variety of approaches and frameworks. This is an essential compendium of actionable strategies and solutions for counselors looking to address clients&#x2019; complex spiritual and religious lives and foster meaningful faith development.</subfield>
  </datafield>
  <datafield tag="650" ind1=" " ind2="7">
    <subfield code="a">Counseling</subfield>
    <subfield code="x">Religious aspects.</subfield>
    <subfield code="2">BUEsh</subfield>
  </datafield>
  <datafield tag="650" ind1=" " ind2="7">
    <subfield code="a">Counseling psychology.</subfield>
    <subfield code="2">BUEsh</subfield>
  </datafield>
  <datafield tag="651" ind1=" " ind2=" ">
    <subfield code="2">BUEsh</subfield>
  </datafield>
  <datafield tag="653" ind1=" " ind2=" ">
    <subfield code="b">HHUUPPSS</subfield>
    <subfield code="c">March2019</subfield>
  </datafield>
  <datafield tag="700" ind1="1" ind2=" ">
    <subfield code="a">Gill, Carman S.,</subfield>
    <subfield code="e">editor.</subfield>
  </datafield>
  <datafield tag="700" ind1="1" ind2=" ">
    <subfield code="a">Freund, Robert R.,</subfield>
    <subfield code="e">editor.</subfield>
  </datafield>
  <datafield tag="776" ind1="0" ind2="8">
    <subfield code="i">Print version :</subfield>
    <subfield code="z">9781138282018</subfield>
  </datafield>
  <datafield tag="942" ind1=" " ind2=" ">
    <subfield code="2">ddc</subfield>
  </datafield>
  <datafield tag="952" ind1=" " ind2=" ">
    <subfield code="0">0</subfield>
    <subfield code="1">0</subfield>
    <subfield code="2">ddc</subfield>
    <subfield code="4">0</subfield>
    <subfield code="7">0</subfield>
    <subfield code="8">Alahram</subfield>
    <subfield code="a">MAIN</subfield>
    <subfield code="b">MAIN</subfield>
    <subfield code="c">LOW</subfield>
    <subfield code="d">2019-03-23</subfield>
    <subfield code="e">Purchase</subfield>
    <subfield code="g">610.00</subfield>
    <subfield code="h">525</subfield>
    <subfield code="l">0</subfield>
    <subfield code="o">158.3 SPI</subfield>
    <subfield code="p">000043278</subfield>
    <subfield code="r">2025-07-15 00:00:00</subfield>
    <subfield code="v">762.50</subfield>
    <subfield code="y">BB</subfield>
  </datafield>
</record>
